| 000 | 00577nam a2200193Ia 4500 | ||
|---|---|---|---|
| 005 | 20250508161755.0 | ||
| 008 | 008 250505s9999 xx 000 0 eng d | ||
| 037 | _aTextual | ||
| 040 |
_aFEDL _beng _cFEDL |
||
| 041 |
_aeng _2eng |
||
| 084 |
_a326.973, FRA _qFEDL |
||
| 100 | _aFranklin John Hope | ||
| 245 | 0 | _aFrom slavery to freedom : A history of negro Americans | |
| 250 | _a3rd | ||
| 260 |
_aNew Delhi, India _bAmerind Publishing Company Private Limited _c1956 |
||
| 300 | _axxii,686p. | ||
| 942 |
_cTEXL _h326.973, FRA |
||
| 999 |
_c1372108 _d1372108 |
||